| 000 | 00765nam a2200253Ia 4500 | ||
|---|---|---|---|
| 003 | OSt | ||
| 005 | 20221005133548.0 | ||
| 006 | a|||||r|||| 00| 0 | ||
| 007 | ta | ||
| 008 | 221004b |||||||| |||| 00| 0 hin d | ||
| 024 | _a61777 | ||
| 037 | _cTextual | ||
| 040 |
_aCRL _cCRL _bhin |
||
| 041 |
_2hin _ahin |
||
| 082 | _aO152,1M86:g, K6 | ||
| 100 | _aउमाकान्त, ले. | ||
| 245 | 0 | _aगुप्त जी की काव्यसाधना | |
| 246 | _aGupta jī kī kāvyasādhanā | ||
| 260 | _c1966 | ||
| 650 | _a हिन्दी साहित्य | ||
| 650 | _aहिन्दी कविता | ||
| 942 |
_hO152,1M86:g, K6 _cTEXL _2cc |
||
| 999 |
_c1067220 _d1067220 |
||